Margot Robbie Movies by Picture - Statistics

General Stats
  • This quiz has been taken 265 times
  • The average score is 7 of 16
Answer Stats
Picture Answer % Correct
Barbie
100%
Suicide Squad
88%
The Wolf of Wall Street
87%
I, Tonya
66%
Once Upon a Time… in Hollywood
62%
Babylon
53%
The Legend of Tarzan
47%
Focus
37%
Bombshell
33%
Amsterdam
27%
Mary Queen of Scots
27%
The Big Short
24%
Asteroid City
13%
About Time
12%
Goodbye Christopher Robin
8%
Whiskey Tango Foxtrot
8%
No matching quizzes found
Score Distribution
Percent of People with Each Score
Percentile by Number Answered
Your Score History
You have not taken this quiz